| 000 | 01151nam a22003015a 4500 | ||
|---|---|---|---|
| 999 |
_c22371 _d22343 |
||
| 003 | OSt | ||
| 005 | 20180816143710.0 | ||
| 008 | 160921s2013 ua frb 000 0 ara d | ||
| 017 | _a2013 / 1626 | ||
| 020 | _a9789779003139 | ||
| 040 |
_aEG-ScBUE _bara _cEG-ScBUE _dEG-ScBUE |
||
| 043 | _af-ua--- | ||
| 082 | 0 | 4 |
_a345.62 _bع ب د _222 |
| 100 | 1 |
_aعبد الخالق، عبد المعطي. _941117 |
|
| 245 | 1 | 0 |
_aمبادئ علم العقاب / _cعبد المعطي عبد الخالق. |
| 260 |
_aالقاهرة : _bدار النهضة العربية، _c2013. |
||
| 300 |
_a409 ص. ؛ _c24 سم. |
||
| 504 | _aيشتمل على إرجاعات ببليوجرافية. | ||
| 650 | 7 |
_aالعقوبات _zمصر. _2BUEsh _941136 |
|
| 650 | 7 |
_aقانون العقوبات _zمصر. _2BUEsh _941137 |
|
| 650 | 7 |
_aعلم الإجرام _zمصر. _2BUEsh _941138 |
|
| 650 | 7 |
_aالجريمة والمجرمون _zمصر. _2BUEsh _941139 |
|
| 650 | 7 |
_aقانون الإجراءات الجنائية _zمصر. _2BUEsh _941140 |
|
| 650 | 7 |
_aالقانون الجنائي. _2BUEsh _921929 |
|
| 651 | _2BUEsh | ||
| 653 |
_bLLAAWW _cSeptember2016 |
||
| 942 | _2ddc | ||